000 00342nam a2200157Ia 4500
100 _aMuller/ Robert J
250 _a2
942 _cBK
654 _aComputer
245 _aOracle : Designer/2000 Handbook
260 _bTata Mc Graw hill
_aNew york
_c1997
082 _a005.13(O)
_bMUL
300 _a728
546 _aENGLISH
999 _c24075
_d24075